00649nam a2200193 a 4500001000500000005001700005008004100022020001800063050002200081100001600103245005500119260003500174300001800209500002200227650003300249650003300282999001900315952012100334296720140414131850.0051130s19uu xx 00 eng d a0-439-27308-0 aM 581.3bP84 2003 aPosada, Mia aDandelions : stars in the grass /cby Mia Posadas. aNew York :bScholastic,c2003. a1 v. p. ; cm. a"Cartwheel Books" aPlantsxJuvenile literature. aGrowthxJuvenile literature. c110125d110125 00104050aMUbMUcMd2005-11-30eDonationg150.00l0oM 581.3 P84 2003pM0423r2014-04-14 00:00:00w2014-04-14yBK